Statistiques concernant Artistes les plus récompensés aux NRJ Music Awards

Cliquez ici pour prendre le quiz!

Statistiques générales

  • Ce quiz a été pris 87 fois
  • Le résultat moyen est 14 sur 47

Statistiques - réponses

Nombre de récompensesnationalitéRéponse% Correct
6BarbadienneRihanna
76%
7ColombienneShakira
67%
3BelgeAngèle
65%
16FrançaiseM. Pokora
65%
11BritanniqueEd Sheeran
63%
4BelgeStromae
58%
6CanadienneJustin Bieber
49%
6FrançaiseDavid Guetta
47%
3BritanniqueAdele
44%
7FrançaiseVitaa
44%
8FrançaiseSlimane
43%
4BritanniqueDua Lipa
40%
9FrançaiseJenifer
39%
4AméricaineAriana Grande
35%
10FrançaiseBigflo et Oli
35%
3FrançaiseSoprano
35%
3AméricaineBritney Spears
33%
4Israélienne et françaiseTal
33%
9Canadienne et françaiseMylène Farmer
32%
3Israélienne et françaiseAmir
31%
4AméricaineKaty Perry
31%
4FrançaiseDJ Snake
29%
5AméricaineLady Gaga
29%
3CoréennePsy
29%
4FrançaiseShy'm
29%
5FrançaiseKendji Girac
24%
5BritanniqueColdplay
22%
3CanadienneGarou
21%
4AméricaineMadonna
21%
5Britannique et irlandaiseOne Direction
21%
4FrançaiseDadju
19%
4AméricaineImagine Dragons
18%
3FrançaiseDiam's
17%
3AustralienneSia
17%
6AméricaineThe Black Eyed Peas
17%
4AméricaineMaroon 5
14%
7FrançaiseChristophe Maé
13%
4FrançaiseKyo
11%
3AméricaineBruno Mars
10%
4FrançaiseChristophe Willem
10%
3AméricaineJustin Timberlake
10%
3AméricaineCamila Cabello
7%
3FrançaiseIndochine
7%
3BritanniqueRobbie Williams
7%
3FrançaiseRenaud
4%
4BritanniqueDido
3%
3FrançaiseMozart l'opéra rock
1%

Distribution des résultats

Percentile par nombre de réponses

% des personnes avec chaque résultat

Votre développement - résultats

Vous n’avez pas pris ce quiz